Guide to Health Informatics. (Record no. 8070)

MARC details
000 -LEADER
fixed length control field 00474nam a22001937a 4500
003 - CONTROL NUMBER IDENTIFIER
control field OSt
005 - DATE AND TIME OF LATEST TRANSACTION
control field 20230131152506.0
008 - FIXED-LENGTH DATA ELEMENTS--GENERAL INFORMATION
fixed length control field 230131b ||||| |||| 00| 0 eng d
020 ## - INTERNATIONAL STANDARD BOOK NUMBER
International Standard Book Number 0340764252
040 ## - CATALOGING SOURCE
Transcribing agency DDC
082 ## - DEWEY DECIMAL CLASSIFICATION NUMBER
Classification number W180664g 2003
100 ## - MAIN ENTRY--PERSONAL NAME
Personal name Coiera,Enrico;
9 (RLIN) 16431
245 ## - TITLE STATEMENT
Title Guide to Health Informatics.
250 ## - EDITION STATEMENT
Edition statement 2nd ed
260 ## - PUBLICATION, DISTRIBUTION, ETC. (IMPRINT)
Place of publication, distribution, etc. London,
Name of publisher, distributor, etc. Anold,
Date of publication, distribution, etc. 2003.
300 ## - PHYSICAL DESCRIPTION
Extent xxvii,440p;
Other physical details col,ill;
Dimensions 26cm
650 ## - SUBJECT ADDED ENTRY--TOPICAL TERM
Topical term or geographic name as entry element Medicine
9 (RLIN) 324
942 ## - ADDED ENTRY ELEMENTS (KOHA)
Source of classification or shelving scheme Other/Generic Classification Scheme
Koha item type Open Shelf
Holdings
Withdrawn status Lost status Source of classification or shelving scheme Damaged status Not for loan Home library Current library Date acquired Source of acquisition Inventory number Total Checkouts Full call number Barcode Date last seen Price effective from Koha item type
    Other/Generic Classification Scheme     MUST Main Library MUST Main Library 31/01/2023 Donation 14/37548   W180664g 2003 2023-0076 31/01/2023 31/01/2023 Open Shelf
    Other/Generic Classification Scheme     MUST Main Library MUST Main Library 31/01/2023 Donation 10/32664   W180664g 2003 2023-0077 31/01/2023 31/01/2023 Open Shelf
    Other/Generic Classification Scheme     MUST Main Library MUST Main Library 31/01/2023 Donation 06/26267   W180664g 2003 2023-0078 31/01/2023 31/01/2023 Open Shelf